Statistics for Top 25 NASCAR Drivers With The Most Amount Of Wins

Click here to take the quiz!

General Stats

  • This quiz has been taken 278 times
  • The average score is 10 of 25

Answer Stats

#Amount Of WinsAnswer% Correct
1200Richard Petty
98%
1054Lee Petty
92%
386Jeff Gordon
89%
858Jimmie Johnson
87%
1250Junior Johnson
81%
2105David Pearson
69%
584Darrell Waltrip
64%
776Dale Earnhardt
61%
484Bobby Allison
60%
1447Tony Stewart
56%
955Rusty Wallace
48%
1740Mark Martin
44%
1644Bill Elliott
34%
1150Ned Jarrett
31%
1546Buck Baker
25%
2033Fireball Roberts
18%
1839Tim Flock
16%
1348Herb Thomas
14%
2525Joe Weatherly
12%
1937Bobby Isaac
8%
2132Dale Jarrett
8%
2326Fred Lorenzen
7%
2228Rex White
6%
2425Jim Paschal
3%
683Cale Yorborough
1%

Score Distribution

Percentile by Number Answered

Percent of People with Each Score

Your Score History

You have not taken this quiz